[Event "SRB-chT3 South"]
[Site "Serbia"]
[Date "2017.10.15"]
[Round "11.2"]
[White "Randjelovic, Ilija"]
[Black "Stankovic, Nikola G"]
[Result "1-0"]
[WhiteElo "1793"]
[BlackElo "1742"]
[PlyCount "111"]
[EventDate "2017.09.03"]
[EventType "team-tourn"]
[EventRounds "11"]
[EventCountry "SRB"]
[SourceTitle "EXT 2022"]
[Source "ChessBase"]
[SourceDate "2021.10.06"]
[SourceVersion "1"]
[SourceVersionDate "2021.10.06"]
[SourceQuality "1"]

1. e4 c6 2. d4 d5 3. e5 Bf5 4. Nf3 e6 5. Be2 c5 6. 0-0 Nc6 7. c3 h6 8. a3 a6 9. b4 c4 10. Nbd2 Nge7 11. Re1 Nc8 12. a4 b6 13. Nf1 Be7 14. Ne3 Bh7 15. Bf1 N8a7 16. g3 0-0 17. Ra2 Qd7 18. h3 Bd8 19. Nd2 Ne7 20. f4 Nf5 21. Nxf5 Bxf5 22. Bg2 Rb8 23. Nf1 Nc8 24. Ne3 Bh7 25. g4 Bh4 26. Ree2 Bd3 27. Red2 Ne7 28. Rxd3 cxd3 29. Qxd3 a5 30. b5 Rfc8 31. f5 f6 32. Ba3 fxe5 33. fxe6 Qxe6 34. Bxe7 e4 35. Bxh4 exd3 36. Bxd5 Re8 37. Bxe6+ Rxe6 38. Nd5 g5 39. Bg3 Rf8 40. Be5 Rd8 41. Nf6+ Kf7 42. Ne4 Kg6 43. Kf2 Rf8+ 44. Ke3 Rf1 45. Nf2 Re7 46. Nxd3 Rh1 47. Rf2 Rxh3+ 48. Ke4 Rh4 49. Rf6+ Kh7 50. Nf2 Rh2 51. Kd5 Rg2 52. Kc6 h5 53. gxh5 g4 54. Ne4 Ra2 55. Rg6 Rxa4 56. Ng5# 1-0